Normal view
MARC view
- Zaknic I Ed
Entry Personal Name
001 - CONTROL NUMBER
- control field: 20745
003 - CONTROL NUMBER IDENTIFIER
- control field: OSt
005 - DATE AND TIME OF LATEST TRANSACTION
- control field: 20220803172022.0
008 - FIXED-LENGTH DATA ELEMENTS
- fixed length control field: 220803|| aca||aabn | a|a d
040 ## - CATALOGING SOURCE
- Original cataloging agency: OSt
- Transcribing agency: OSt
100 ## - HEADING--PERSONAL NAME
- Personal name: Zaknic I Ed
670 ## - SOURCE DATA FOUND
- Source citation: Work cat.: (OSt)13850: Zaknic I Ed., Journy To The East : Le Corbusier, 2007